Estadística para administración y economía

שמור ב:
מידע ביבליוגרפי
Main Authors: Newbold, Paul (autor), Carlson, William L (Author), Thorne, Betty (Author)
פורמט: ספר
שפה:ספרדית
יצא לאור: Upper Saddle River Pearson Education-Prentice-Hall 2008
מהדורה:6a. ed
נושאים:
תגים: הוספת תג
אין תגיות, היה/י הראשונ/ה לתייג את הרשומה!

MARC

LEADER 00000nam a2200000 a 4500
001 UCI8401
003 CL-VaPUC
005 20241001090144.0
008 080904e20080000us |||||||||||||||||spa|d
999 |c 331310  |d 331308 
020 |a 9788483224038 
040 |c Pontificia Universidad Católica de Valparaíso 
082 0 4 |a 519.5  |b NEW  |2 21 
100 |a Newbold, Paul  |e autor  |9 596087 
245 1 0 |a Estadística para administración y economía 
250 |a 6a. ed 
260 |a Upper Saddle River  |b Pearson Education-Prentice-Hall  |c 2008 
300 |a 1063 p 
583 |a last modification  |c 20171204 01:53:58  |k Rodrigo Vera 
650 0 |a Estadística matemática  |9 260028 
650 0 |a Análisis de varianza   |9 336938 
650 0 |a Proceso de datos   |9 259776 
650 0 |a Probabilidades   |9 260199 
650 0 |a Estimación estadística  |9 560346 
700 0 |a Carlson, William L  |e author  |9 531882 
700 0 |a Thorne, Betty  |e author  |9 531883 
942 |c BK  |2 ddc 
945 |d 20080904 00:00:00  |a rbrito 
952 |0 0  |1 0  |4 0  |6 519_500000000000000_NEW_2008  |7 0  |8 A  |9 417712  |a BIBENE  |b BIBENE  |d 2019-11-22  |i 4476220  |o 519.5 NEW 2008  |p 4476220  |r 2025-01-15  |w 2019-11-22  |y BK  |k ICO